| 000 | 01027cam a2200301 i 4500 | ||
|---|---|---|---|
| 001 | 2218 | ||
| 005 | 20231110113125.0 | ||
| 020 | _a0590076043 | ||
| 020 | _a9780590447713 | ||
| 040 |
_aDLC _cDLC _dDLC _beng |
||
| 050 | 0 | 0 |
_aQL31.C56 _bM32 |
| 082 | 0 | 0 |
_a597/.009/24 _aB _a92 |
| 100 | 1 | _aMcGovern, Ann | |
| 245 | 1 | 0 |
_aShark lady : _btrue adventures of Eugenie Clark / _cby Ann McGovern ; illustrated by Ruth Chew. |
| 260 |
_aNew York : _bScholastic, _c1978 |
||
| 300 |
_a91 pages : _billustrations _c19 cm |
||
| 505 | _aO | ||
| 520 | _aA biography of the ichthyologist whose interest in fish began at the age of nine during weekly trips to the Aquarium in New York City. | ||
| 521 |
_a750 _bLexile |
||
| 521 |
_aO _bRaz-Plus |
||
| 650 | 0 |
_aIchthyologists _zUnited States _xJuvenile literature. |
|
| 650 | 0 |
_aSharks _xResearch _xJuvenile literature. |
|
| 650 | 1 | _aIchthyologists. | |
| 650 | 1 | _aZoologists. | |
| 700 | 1 |
_aChew, Ruth _eillustrator |
|
| 906 |
_a7 _bcbc _corignew _d1 _eocip _f19 _gy-gencatlg |
||
| 942 |
_2ddc _cBK _n0 |
||
| 999 |
_c2218 _d2218 |
||